[Event "Titled Tuesday intern op 02nd Jan Early"]
[Site "Chess.com INT"]
[Date "2024.01.02"]
[Round "1"]
[White "Shtompel, Yuriy"]
[Black "Injac, Teodora"]
[Result "0-1"]
[WhiteElo "2072"]
[BlackElo "2439"]
[PlyCount "78"]
[EventDate "2024.01.02"]
[EventType "swiss (blitz)"]
[EventRounds "11"]
[EventCountry "USA"]
[SourceTitle "EXT 2025"]
[Source "ChessBase"]
[SourceDate "2024.10.14"]
[SourceVersion "1"]
[SourceVersionDate "2024.10.14"]
[SourceQuality "1"]

1. Nf3 Nf6 2. g3 b6 3. Bg2 Bb7 4. 0-0 g6 5. d3 Bg7 6. c3 0-0 7. Nbd2 c5 8. h3 d6 9. e4 Nbd7 10. a4 a6 11. Qe2 e5 12. Ne1 Re8 13. f4 d5 14. f5 c4 15. fxg6 hxg6 16. dxc4 dxe4 17. Nxe4 Nxe4 18. Bxe4 Bxe4 19. Qxe4 Nc5 20. Qf3 Qd7 21. Be3 e4 22. Qg2 Rad8 23. Nc2 Qd3 24. Qf2 f5 25. g4 Rf8 26. gxf5 Rxf5 27. Qg2 Rdf8 28. Rxf5 Rxf5 29. Re1 Ne6 30. Qe2 Qd8 31. Qg4 Qf6 32. Qxe4 Ng5 33. Bxg5 Rxg5+ 34. Kh1 Qf2 35. Qa8+ Kh7 36. Qe4 Be5 37. Qe2 Rg1+ 38. Rxg1 Qxe2 39. Nd4 Qh2# 0-1

[Event "GER-chT U16"]
[Site "Magdeburg"]
[Date "2023.12.27"]
[Round "2.6"]
[White "Berresheim, Nils"]
[Black "Shtompel, Yuriy"]
[Result "0-1"]
[WhiteElo "1772"]
[BlackElo "2072"]
[PlyCount "108"]
[EventDate "2023.12.26"]
[EventType "team-swiss"]
[EventRounds "7"]
[EventCountry "GER"]
[SourceTitle "CBM 218 Extra"]
[Source "ChessBase"]
[SourceDate "2024.03.31"]
[SourceVersion "1"]
[SourceVersionDate "2024.03.31"]
[SourceQuality "1"]
[WhiteTeam "Essen Katernberg"]
[BlackTeam "Kiel Doppelbauer"]
[WhiteTeamCountry "GER"]
[BlackTeamCountry "GER"]

1. d4 Nf6 2. c4 e6 3. Nf3 d5 4. cxd5 exd5 5. Nc3 Be7 6. Bg5 0-0 7. Qc2 c6 8. e3 Re8 9. Bd3 h6 10. Bf4 Nh5 11. Be5 Nd7 12. 0-0 Nf8 13. h3 Bd6 14. Rab1 a5 15. a3 Bxe5 16. Nxe5 Qg5 17. Nf3 Qf6 18. Ne5 Nd7 19. Nxd7 Bxd7 20. b4 axb4 21. axb4 b5 22. Ra1 Qg5 23. Kh2 f5 24. Ne2 Rf8 25. Qd2 Qh4 26. Nf4 Nxf4 27. exf4 Qf6 28. Bc2 Qd6 29. g3 g6 30. Rfe1 Kg7 31. Qc3 g5 32. fxg5 hxg5 33. Rxa8 Rxa8 34. Qe3 Kf6 35. h4 Rg8 36. hxg5+ Rxg5 37. Qe5+ Qxe5 38. Rxe5 Rg8 39. Re3 Ra8 40. Rf3 Kg5 41. Bb3 Ra1 42. Re3 Rb1 43. Kg2 Rb2 44. Kg1 f4 45. gxf4+ Kxf4 46. Kg2 Bg4 47. Rc3 Ke4 48. Bc2+ Kxd4 49. Rxc6 Rxb4 50. f4 Rc4 51. Rxc4+ dxc4 52. Kg3 Be6 53. f5 Bxf5 54. Bxf5 Kc3 0-1

[Event "Titled Tuesday intern op 20th Jun Early"]
[Site "Chess.com INT"]
[Date "2023.06.20"]
[Round "1"]
[White "Shtompel, Yuriy"]
[Black "Stepanencu, Nicodim Cosmin"]
[Result "1/2-1/2"]
[WhiteElo "1933"]
[BlackElo "2305"]
[PlyCount "118"]
[EventDate "2023.06.20"]
[EventType "swiss (blitz)"]
[EventRounds "11"]
[EventCountry "USA"]
[SourceTitle "EXT 2024"]
[Source "ChessBase"]
[SourceDate "2023.10.10"]
[SourceVersion "1"]
[SourceVersionDate "2023.10.10"]
[SourceQuality "1"]

1. Nf3 Nf6 2. g3 b6 3. Bg2 Bb7 4. 0-0 g6 5. d3 Bg7 6. e4 0-0 7. Re1 c5 8. Nbd2 d6 9. c3 Nc6 10. h3 e5 11. Nc4 Re8 12. Ne3 h6 13. a3 a5 14. c4 a4 15. Nd5 Nxd5 16. cxd5 Nd4 17. Nxd4 exd4 18. h4 b5 19. Bf4 c4 20. Bf1 c3 21. bxc3 dxc3 22. d4 Qb6 23. Rb1 Qxd4 24. Qxd4 Bxd4 25. Rxb5 Ba6 26. Rb4 Bc5 27. Rxa4 Bxf1 28. Rxa8 Rxa8 29. Kxf1 Rxa3 30. Rc1 Ra2 31. Rxc3 Rxf2+ 32. Ke1 Ra2 33. Kd1 Ra4 34. e5 Rd4+ 35. Ke2 Rxd5 36. exd6 Bxd6 37. Rc8+ Kg7 38. Rd8 Bxf4 39. Rxd5 Bxg3 40. h5 g5 41. Kf3 Bf4 42. Kg4 Kf6 43. Ra5 Ke6 44. Ra6+ Bd6 45. Ra5 f6 46. Rf5 Be5 47. Rf1 Bf4 48. Re1+ Be5 49. Rf1 Kd5 50. Kf5 Bd4 51. Rd1 Kc4 52. Kg6 g4 53. Kxh6 g3 54. Kg6 g2 55. h6 f5 56. Kxf5 g1Q 57. Rxg1 Bxg1 58. h7 Bd4 59. h8Q Bxh8 1/2-1/2

[Event "Titled Tuesday intern op 30th May Early"]
[Site "Chess.com INT"]
[Date "2023.05.30"]
[Round "4"]
[White "Shtompel, Yuriy"]
[Black "Chylewski, Patryk"]
[Result "0-1"]
[WhiteElo "1933"]
[BlackElo "2290"]
[PlyCount "144"]
[EventDate "2023.05.30"]
[EventType "swiss (blitz)"]
[EventRounds "11"]
[EventCountry "USA"]
[SourceTitle "CBM 214 Extra"]
[Source "ChessBase"]
[SourceDate "2023.07.31"]
[SourceVersion "1"]
[SourceVersionDate "2023.07.31"]
[SourceQuality "1"]

1. Nf3 d5 2. g3 c6 3. Bg2 Nf6 4. 0-0 Bg4 5. d3 Nbd7 6. Nbd2 e5 7. h3 Bh5 8. e4 Bd6 9. Re1 0-0 10. c3 Re8 11. Qe2 Qc7 12. g4 Bg6 13. Nh4 dxe4 14. dxe4 Nc5 15. Nf5 Bf8 16. Nf1 Ne6 17. N1g3 Nf4 18. Qf3 Rad8 19. Bf1 Bc5 20. Be3 Bxe3 21. fxe3 Nd3 22. Re2 Nc5 23. b4 Ne6 24. h4 a5 25. g5 Nd7 26. Rf2 axb4 27. cxb4 c5 28. b5 c4 29. Rc1 c3 30. Rfc2 Qa5 31. Rxc3 Qxa2 32. Qg4 Nef8 33. R3c2 Qb3 34. Bc4 Qb4 35. h5 Bxf5 36. Qxf5 Ne6 37. Rf1 Qe7 38. Rcf2 Nxg5 39. Bxf7+ Nxf7 40. Qxf7+ Qxf7 41. Rxf7 Rf8 42. Rxf8+ Nxf8 43. Rc1 Ne6 44. Nf5 g6 45. hxg6 hxg6 46. Ne7+ Kf7 47. Nd5 Rd7 48. b6 Ng5 49. Rc7 Ke6 50. Rc8 Nxe4 51. Nc7+ Kd6 52. Rg8 g5 53. Rg6+ Kc5 54. Kg2 Rf7 55. Ne6+ Kb5 56. Nxg5 Nxg5 57. Rxg5 Re7 58. Rg6 Rf7 59. Kg3 e4 60. Re6 Rf3+ 61. Kg2 Rxe3 62. Kf2 Rf3+ 63. Ke2 Rf4 64. Ke3 Rh4 65. Rxe4 Rxe4+ 66. Kxe4 Kxb6 67. Kd3 Kb5 68. Kc2 Kb4 69. Kb2 b5 70. Ka2 Kc3 71. Kb1 Kb3 72. Kc1 Ka2 0-1

[Event "Titled Tuesday intern op 30th May Early"]
[Site "Chess.com INT"]
[Date "2023.05.30"]
[Round "1"]
[White "Shtompel, Yuriy"]
[Black "Mendez Fortes, Eduardo Jesus"]
[Result "0-1"]
[WhiteElo "1933"]
[BlackElo "2250"]
[PlyCount "100"]
[EventDate "2023.05.30"]
[EventType "swiss (blitz)"]
[EventRounds "11"]
[EventCountry "USA"]
[SourceTitle "CBM 214 Extra"]
[Source "ChessBase"]
[SourceDate "2023.07.31"]
[SourceVersion "1"]
[SourceVersionDate "2023.07.31"]
[SourceQuality "1"]

1. Nf3 d5 2. g3 Nf6 3. Bg2 e6 4. 0-0 Be7 5. d3 0-0 6. Nbd2 c5 7. e4 Nc6 8. c3 b5 9. Re1 Bb7 10. exd5 Nxd5 11. d4 cxd4 12. Nxd4 Nxd4 13. cxd4 a6 14. Ne4 Rc8 15. Bd2 Qd7 16. Rc1 Rxc1 17. Qxc1 Rc8 18. Qb1 Nb6 19. Qd3 Bd5 20. b3 Qb7 21. Ba5 Nd7 22. Bf3 b4 23. Kg2 f5 24. Nd2 Rc3 25. Qe2 Rxf3 26. Nxf3 Nf8 27. Rd1 g5 28. Rc1 g4 29. Kg1 Bxf3 30. Qd2 Bh1 31. f4 gxf3 32. Rc7 f2+ 33. Qxf2 Qd5 34. Rxe7 Be4 35. Bxb4 a5 36. Ba3 Ng6 37. Re8+ Kf7 38. Rc8 e5 39. Rc7+ Kg8 40. Rc8+ Kg7 41. Rc7+ Kh6 42. Qd2+ f4 43. Rc5 Qd7 44. gxf4 Qg4+ 45. Kf1 Nxf4 46. Rc6+ Bxc6 47. Bf8+ Kh5 48. Qf2 Bb5+ 49. Ke1 Nd3+ 50. Kd2 Nxf2 0-1

[Event "Titled Tuesday intern op 02nd May Early"]
[Site "Chess.com INT"]
[Date "2023.05.02"]
[Round "3"]
[White "Shtompel, Yuriy"]
[Black "Kleiman, Jake"]
[Result "0-1"]
[WhiteElo "1933"]
[BlackElo "2399"]
[PlyCount "38"]
[EventDate "2023.05.02"]
[EventType "swiss (blitz)"]
[EventRounds "11"]
[EventCountry "USA"]
[SourceTitle "EXT 2024"]
[Source "ChessBase"]
[SourceDate "2023.10.10"]
[SourceVersion "1"]
[SourceVersionDate "2023.10.10"]
[SourceQuality "1"]

1. Nf3 Nf6 2. g3 e6 3. Bg2 d5 4. 0-0 g6 5. d3 Bg7 6. Nbd2 0-0 7. e4 c5 8. h3 Nc6 9. Kh2 a5 10. a4 b6 11. Re1 Bb7 12. c3 Ba6 13. Qc2 dxe4 14. dxe4 Bd3 15. Qb3 Nd7 16. Bf1 Nde5 17. Nxe5 Nxe5 18. f4 Bxf1 19. Nxf1 Nf3+ 0-1

[Event "Titled Tuesday intern op 28th Mar Early"]
[Site "Chess.com INT"]
[Date "2023.03.28"]
[Round "2"]
[White "Jaskolka, Tomasz"]
[Black "Shtompel, Yuriy"]
[Result "0-1"]
[WhiteElo "2238"]
[BlackElo "1938"]
[PlyCount "64"]
[EventDate "2023.03.28"]
[EventType "swiss (blitz)"]
[EventRounds "11"]
[EventCountry "USA"]
[SourceTitle "EXT 2024"]
[Source "ChessBase"]
[SourceDate "2023.10.10"]
[SourceVersion "1"]
[SourceVersionDate "2023.10.10"]
[SourceQuality "1"]

1. d4 Nf6 2. Bf4 e6 3. e3 d5 4. c3 c5 5. Nd2 Nc6 6. Ngf3 Bd6 7. Bg3 0-0 8. Bd3 h6 9. Ne5 Qc7 10. f4 Ne7 11. Bh4 Nd7 12. Bxe7 Bxe7 13. Qf3 cxd4 14. exd4 Nxe5 15. fxe5 Bg5 16. h4 Bxd2+ 17. Kxd2 f6 18. Raf1 Bd7 19. Qh5 Be8 20. Qg4 f5 21. Qe2 a6 22. g4 f4 23. g5 Kh8 24. Rfg1 Qf7 25. gxh6 gxh6 26. Bg6 f3 27. Bxf7 fxe2 28. Bxe8 Raxe8 29. Kxe2 Rg8 30. Ke3 Ref8 31. Rxg8+ Kxg8 32. Rf1 Rxf1 0-1

[Event "Titled Tuesday intern op 28th Mar Early"]
[Site "Chess.com INT"]
[Date "2023.03.28"]
[Round "4"]
[White "Shtompel, Yuriy"]
[Black "Tregubov, Pavel V"]
[Result "0-1"]
[WhiteElo "1938"]
[BlackElo "2556"]
[PlyCount "86"]
[EventDate "2023.03.28"]
[EventType "swiss (blitz)"]
[EventRounds "11"]
[EventCountry "USA"]
[SourceTitle "EXT 2024"]
[Source "ChessBase"]
[SourceDate "2023.10.10"]
[SourceVersion "1"]
[SourceVersionDate "2023.10.10"]
[SourceQuality "1"]

1. e4 c5 2. Nf3 e6 3. d4 cxd4 4. Nxd4 Nc6 5. Nc3 Nf6 6. Ndb5 Bb4 7. Bf4 0-0 8. Bc7 Qe7 9. Bd6 Bxd6 10. Qxd6 Qd8 11. Nc7 Rb8 12. e5 Ne8 13. Nxe8 Rxe8 14. Be2 b5 15. Ne4 Qa5+ 16. Kf1 b4 17. Nc5 Rb6 18. g3 Nxe5 19. Qxe5 d6 20. Qe3 dxc5 21. Bf3 Rd6 22. Kg2 Red8 23. a3 a6 24. Rhd1 Rxd1 25. Rxd1 Rxd1 26. Bxd1 bxa3 27. bxa3 Bb7+ 28. Bf3 Bxf3+ 29. Qxf3 Qd8 30. c3 Qd5 31. c4 Qxf3+ 32. Kxf3 f6 33. Ke4 Kf7 34. a4 a5 35. f4 Ke7 36. g4 Kd6 37. h4 g6 38. f5 exf5+ 39. gxf5 g5 40. hxg5 fxg5 41. Kf3 Ke5 42. Kg4 h6 43. Kh5 Kxf5 0-1

[Event "Titled Tuesday intern op 21st Mar Late"]
[Site "Chess.com INT"]
[Date "2023.03.21"]
[Round "4"]
[White "Hon, Eric"]
[Black "Shtompel, Yuriy"]
[Result "1-0"]
[WhiteElo "1897"]
[BlackElo "1938"]
[PlyCount "113"]
[EventDate "2023.03.21"]
[EventType "swiss (blitz)"]
[EventRounds "11"]
[EventCountry "USA"]
[SourceTitle "EXT 2024"]
[Source "ChessBase"]
[SourceDate "2023.10.10"]
[SourceVersion "1"]
[SourceVersionDate "2023.10.10"]
[SourceQuality "1"]

1. e4 c5 2. Nf3 d6 3. d4 cxd4 4. Nxd4 Nf6 5. Nc3 a6 6. h3 e5 7. Nde2 h5 8. Bg5 Be6 9. Bxf6 Qxf6 10. Nd5 Qd8 11. Nec3 Nc6 12. Bc4 Rc8 13. Qe2 g6 14. 0-0 Bg7 15. a4 0-0 16. a5 Nd4 17. Qd3 Kh8 18. Ne2 Nc6 19. Nb6 Nb4 20. Qb3 Rxc4 21. Nxc4 Qc7 22. Qxb4 Bxc4 23. Rfe1 Rc8 24. Nc3 Bf8 25. Nd5 Bxd5 26. exd5 f5 27. c3 Bh6 28. g3 f4 29. Qe4 Qf7 30. Ra4 Rf8 31. g4 hxg4 32. hxg4 Bg5 33. Rc4 Kg7 34. Qf3 Rh8 35. Kf1 Rh2 36. Ke2 Qd7 37. Rb4 Bh4 38. Rf1 Kf7 39. Kd1 Kg7 40. Kc1 Bg5 41. Kb1 Bh4 42. Ka2 Bd8 43. Ka3 Bxa5 44. Rb3 b5 45. Rh1 Rxh1 46. Qxh1 Bb6 47. Qh4 Bc5+ 48. Ka2 Qc7 49. Kb1 Qa7 50. Qd8 e4 51. g5 e3 52. Qf6+ Kh7 53. Qxf4 exf2 54. c4 Qd7 55. Rf3 Bd4 56. Qh4+ Kg7 57. Qh6+ 1-0

[Event "Titled Tuesday intern op 21st Mar Late"]
[Site "Chess.com INT"]
[Date "2023.03.21"]
[Round "2"]
[White "Omelja, Artem"]
[Black "Shtompel, Yuriy"]
[Result "1-0"]
[WhiteElo "2435"]
[BlackElo "1938"]
[PlyCount "101"]
[EventDate "2023.03.21"]
[EventType "swiss (blitz)"]
[EventRounds "11"]
[EventCountry "USA"]
[SourceTitle "EXT 2024"]
[Source "ChessBase"]
[SourceDate "2023.10.10"]
[SourceVersion "1"]
[SourceVersionDate "2023.10.10"]
[SourceQuality "1"]

1. e4 c5 2. Nf3 d6 3. Bb5+ Nd7 4. 0-0 a6 5. Bd3 Ngf6 6. c4 g6 7. Nc3 Bg7 8. Re1 0-0 9. Bc2 Ne5 10. Nxe5 dxe5 11. d3 e6 12. Be3 Qc7 13. a4 Bd7 14. a5 Bc6 15. Ba4 Nd7 16. Bxc6 Qxc6 17. Qa4 Qxa4 18. Nxa4 Rac8 19. Ra3 Rfd8 20. Rb3 Rc7 21. Kf1 Bf8 22. Ke2 Nb8 23. Rb6 Nd7 24. Rb3 Nb8 25. Ra1 Be7 26. Raa3 Nc6 27. Nxc5 Nd4+ 28. Bxd4 exd4 29. Rxb7 Rdc8 30. Rxc7 Rxc7 31. Nxa6 Ra7 32. c5 Rxa6 33. b4 Ra8 34. a6 Kf8 35. Kd2 Ke8 36. Kc2 Rb8 37. a7 Ra8 38. Kb3 Kd7 39. Kc4 Kc7 40. b5 Kb7 41. b6 Kc6 42. Ra5 e5 43. Rb5 Kb7 44. c6+ Kxc6 45. b7 Rxa7 46. b8Q Ra4+ 47. Kb3 Ra3+ 48. Kc2 Rc3+ 49. Kd2 Kd7 50. Rd5+ Ke6 51. Qb6+ 1-0

[Event "Titled Tuesday intern op 21st Feb Early"]
[Site "Chess.com INT"]
[Date "2023.02.21"]
[Round "6"]
[White "Derjabin, Ilja"]
[Black "Shtompel, Yuriy"]
[Result "1-0"]
[WhiteElo "2333"]
[BlackElo "1938"]
[PlyCount "137"]
[EventDate "2023.02.21"]
[EventType "swiss (blitz)"]
[EventRounds "11"]
[EventCountry "USA"]
[SourceTitle "CBM 212 Extra"]
[Source "ChessBase"]
[SourceDate "2023.03.31"]
[SourceVersion "1"]
[SourceVersionDate "2023.03.31"]
[SourceQuality "1"]

1. d4 Nf6 2. c4 e6 3. Nc3 d5 4. cxd5 exd5 5. Bg5 Be7 6. e3 c6 7. Bd3 0-0 8. Nge2 Re8 9. Qc2 Ne4 10. Bxe7 Qxe7 11. 0-0 Bf5 12. Rae1 Bg6 13. Nxe4 Bxe4 14. Bxe4 Qxe4 15. Qb3 Qe7 16. Nf4 Na6 17. a3 Rab8 18. Rc1 Nc7 19. Qa4 a6 20. Nd3 Ne6 21. b4 f5 22. Ne5 f4 23. Qb3 Qg5 24. g3 fxe3 25. Qxe3 Qxe3 26. fxe3 Rf8 27. h4 Rxf1+ 28. Rxf1 Rf8 29. Rxf8+ Kxf8 30. Nd7+ Ke7 31. Nc5 Nxc5 32. bxc5 h5 33. Kf2 Ke6 34. Ke2 g6 35. Kf2 Kf6 36. Ke2 Ke6 37. Kf3 Kf5 38. g4+ hxg4+ 39. Kg3 Ke4 40. Kxg4 Kxe3 41. Kg5 Kxd4 42. Kxg6 Ke3 43. h5 d4 44. h6 d3 45. h7 d2 46. h8Q d1Q 47. Qe8+ Kf4 48. Qf7+ Kg3 49. Qxb7 Qc2+ 50. Kf6 Qxc5 51. Qxa6 Qc3+ 52. Ke6 Qc5 53. Kd7 Kf3 54. Qxc6+ Qxc6+ 55. Kxc6 Kf4 56. a4 Ke5 57. a5 Ke6 58. a6 Ke7 59. a7 Kd8 60. a8Q+ Ke7 61. Qc8 Kf7 62. Qd8 Ke6 63. Qe8+ Kf6 64. Kd5 Kg7 65. Qe6 Kf8 66. Qd7 Kg8 67. Ke6 Kf8 68. Kf6 Kg8 69. Qg7# 1-0

[Event "Titled Tuesday intern op 21st Feb Early"]
[Site "Chess.com INT"]
[Date "2023.02.21"]
[Round "4"]
[White "Schut, Han"]
[Black "Shtompel, Yuriy"]
[Result "1/2-1/2"]
[WhiteElo "2101"]
[BlackElo "1938"]
[PlyCount "63"]
[EventDate "2023.02.21"]
[EventType "swiss (blitz)"]
[EventRounds "11"]
[EventCountry "USA"]
[SourceTitle "CBM 212 Extra"]
[Source "ChessBase"]
[SourceDate "2023.03.31"]
[SourceVersion "1"]
[SourceVersionDate "2023.03.31"]
[SourceQuality "1"]

1. e4 c5 2. Nf3 d6 3. d4 cxd4 4. Nxd4 Nf6 5. f3 e5 6. Bb5+ Bd7 7. Bxd7+ Qxd7 8. Nf5 d5 9. Bg5 dxe4 10. Bxf6 Qxd1+ 11. Kxd1 gxf6 12. fxe4 Nc6 13. c3 0-0-0+ 14. Kc2 Ne7 15. Nxe7+ Bxe7 16. Nd2 Rhg8 17. g3 Bc5 18. Rae1 b5 19. Rhf1 Rd6 20. Nf3 Rgd8 21. Re2 b4 22. Nh4 bxc3 23. bxc3 Rc6 24. Nf5 Ra6 25. Kb2 Rd7 26. Kb1 Rb7+ 27. Rb2 Rd7 28. Kc2 Ba3 29. Rb3 Bc5 30. Rb2 Ba3 31. Rb3 Bc5 32. Rb2 1/2-1/2

[Event "Titled Tuesday intern op 21st Feb Early"]
[Site "Chess.com INT"]
[Date "2023.02.21"]
[Round "3"]
[White "Shtompel, Yuriy"]
[Black "Michalski, Olaf"]
[Result "0-1"]
[WhiteElo "1938"]
[BlackElo "2273"]
[PlyCount "20"]
[EventDate "2023.02.21"]
[EventType "swiss (blitz)"]
[EventRounds "11"]
[EventCountry "USA"]
[SourceTitle "CBM 212 Extra"]
[Source "ChessBase"]
[SourceDate "2023.03.31"]
[SourceVersion "1"]
[SourceVersionDate "2023.03.31"]
[SourceQuality "1"]

1. e4 c5 2. Nf3 a6 3. c4 Nc6 4. Nc3 e5 5. g3 d6 6. Bg2 g6 7. 0-0 Bg7 8. d3 Nge7 9. h3 0-0 10. Bf4 exf4 0-1

[Event "Titled Tuesday intern op 14th Feb Early"]
[Site "Chess.com INT"]
[Date "2023.02.14"]
[Round "1"]
[White "Shtompel, Yuriy"]
[Black "Sokolovsky, Yahli"]
[Result "0-1"]
[WhiteElo "1938"]
[BlackElo "2460"]
[PlyCount "56"]
[EventDate "2023.02.14"]
[EventType "swiss (blitz)"]
[EventRounds "11"]
[EventCountry "USA"]
[SourceTitle "CBM 212 Extra"]
[Source "ChessBase"]
[SourceDate "2023.03.31"]
[SourceVersion "1"]
[SourceVersionDate "2023.03.31"]
[SourceQuality "1"]

1. e4 g6 2. d4 Bg7 3. Nc3 d6 4. Be3 a6 5. Qd2 b5 6. a3 Bb7 7. 0-0-0 Nd7 8. h4 h5 9. Nh3 Rc8 10. Ng5 c5 11. f3 cxd4 12. Bxd4 Ngf6 13. Kb1 Qa5 14. Be2 Nb6 15. Qe3 Na4 16. Nxa4 Qxa4 17. Rd2 0-0 18. g4 e5 19. Bc3 Rc6 20. Rhd1 Rd8 21. Bxe5 Rdc8 22. Bc3 Rxc3 23. bxc3 Qxa3 24. Rxd6 Nd5 25. R6xd5 Bxc3 26. Rd8+ Rxd8 27. Rxd8+ Kg7 28. Qc1 Qa1# 0-1

[Event "Titled Tuesday intern op 10th Jan Early"]
[Site "Chess.com INT"]
[Date "2023.01.10"]
[Round "2"]
[White "Shtompel, Yuriy"]
[Black "Mayank, Chakraborty"]
[Result "1-0"]
[WhiteElo "1938"]
[BlackElo "2063"]
[PlyCount "105"]
[EventDate "2023.01.10"]
[EventType "swiss (blitz)"]
[EventRounds "11"]
[EventCountry "USA"]
[SourceTitle "EXT 2024"]
[Source "ChessBase"]
[SourceDate "2023.10.10"]
[SourceVersion "1"]
[SourceVersionDate "2023.10.10"]
[SourceQuality "1"]

1. e4 c5 2. Nf3 d6 3. d4 cxd4 4. Nxd4 Nf6 5. Nc3 a6 6. Be2 e5 7. Nb3 Be7 8. Be3 0-0 9. Nd5 Nxd5 10. exd5 Bf5 11. c4 Nd7 12. 0-0 Bg6 13. a4 f5 14. f4 Bf6 15. Qd2 Qc7 16. a5 Rae8 17. Rac1 exf4 18. Bxf4 Nc5 19. Nxc5 Qxc5+ 20. Kh1 Qd4 21. Qxd4 Bxd4 22. Bxd6 Rxe2 23. Bxf8 Kxf8 24. c5 Ke7 25. c6 bxc6 26. dxc6 Kd8 27. Rfd1 Be8 28. Rxd4+ Kc7 29. Rdc4 Rxb2 30. h3 Re2 31. Kh2 Re6 32. Rc5 g6 33. Rb1 Rxc6 34. Rxc6+ Bxc6 35. Rb6 Bb5 36. Kg3 Bf1 37. h4 Be2 38. Kf4 Bf1 39. g3 Be2 40. Kg5 Bd3 41. Kh6 Be2 42. Kxh7 Bg4 43. Kxg6 Bf3 44. Kxf5 Bg2 45. Kf4 Bf1 46. g4 Bd3 47. g5 Bb1 48. h5 Bh7 49. g6 Bg8 50. h6 Be6 51. h7 Bg4 52. h8Q Be2 53. Qg7+ 1-0

[Event "Titled Tuesday intern op 27th Dec Late"]
[Site "Chess.com INT"]
[Date "2022.12.27"]
[Round "2"]
[White "Kourkoulos Arditis, Stamatis"]
[Black "Shtompel, Yuriy"]
[Result "1-0"]
[WhiteElo "2537"]
[BlackElo "1938"]
[PlyCount "99"]
[EventDate "2022.12.27"]
[EventType "swiss (blitz)"]
[EventRounds "11"]
[EventCountry "USA"]
[SourceTitle "EXT 2024"]
[Source "ChessBase"]
[SourceDate "2023.10.10"]
[SourceVersion "1"]
[SourceVersionDate "2023.10.10"]
[SourceQuality "1"]

1. e4 c5 2. Nf3 d6 3. Bb5+ Nd7 4. 0-0 a6 5. Bd3 Ngf6 6. Re1 e6 7. c3 Be7 8. Bf1 0-0 9. d4 cxd4 10. cxd4 e5 11. d5 Nc5 12. Nc3 Bg4 13. b4 Ncd7 14. a3 Rc8 15. Bd2 Nb6 16. h3 Bh5 17. g4 Bg6 18. Qb3 Qd7 19. Nh4 Nxe4 20. Nxg6 Nxd2 21. Nxf8 Nxb3 22. Nxd7 Nxd7 23. Ne4 Nxa1 24. Rxa1 g6 25. g5 Nb6 26. Rd1 Rc2 27. h4 Kg7 28. Bd3 Rc7 29. Bf1 h6 30. Kg2 hxg5 31. hxg5 Rc2 32. Rd3 Nc4 33. a4 Nb2 34. Ra3 Nc4 35. Rb3 Nb6 36. b5 Nxd5 37. bxa6 bxa6 38. Bxa6 Nf4+ 39. Kg3 Ra2 40. Bb5 d5 41. Nc3 Bxg5 42. Nxa2 d4 43. Bc6 Ne2+ 44. Kf3 Ng1+ 45. Kg2 Ne2 46. a5 f5 47. a6 Nf4+ 48. Kf1 Bd8 49. a7 Kf6 50. a8Q 1-0

[Event "Titled Tuesday intern op 25th Oct Early"]
[Site "Chess.com INT"]
[Date "2022.10.25"]
[Round "2"]
[White "Shtompel, Yuriy"]
[Black "Fawzy, Adham"]
[Result "1-0"]
[WhiteElo "1938"]
[BlackElo "2481"]
[PlyCount "55"]
[EventDate "2022.10.25"]
[EventType "swiss (blitz)"]
[EventRounds "11"]
[EventCountry "USA"]
[SourceTitle "EXT 2024"]
[Source "ChessBase"]
[SourceDate "2023.10.10"]
[SourceVersion "1"]
[SourceVersionDate "2023.10.10"]
[SourceQuality "1"]

1. e4 c5 2. Nf3 d6 3. d4 cxd4 4. Nxd4 Nf6 5. Nc3 a6 6. Be2 e5 7. Nb3 Be7 8. 0-0 0-0 9. Qd3 Be6 10. Nd5 Bxd5 11. exd5 h5 12. c4 Nbd7 13. Bg5 a5 14. Qf3 g6 15. Nd2 e4 16. Qg3 Nxd5 17. Bxe7 Nxe7 18. Qxd6 Nf5 19. Qf4 e3 20. fxe3 Qb6 21. Ne4 Nxe3 22. Rf2 Ng4 23. Bxg4 hxg4 24. Qxg4 Rae8 25. Ng5 Ne5 26. Qh4 Qxf2+ 27. Kxf2 Nd3+ 28. Kf1 1-0

[Event "Titled Tuesday intern op 06th Sep Early"]
[Site "Chess.com INT"]
[Date "2022.09.06"]
[Round "5"]
[White "Shtompel, Yuriy"]
[Black "Ferreira, Vitor Hugo Vieira"]
[Result "0-1"]
[WhiteElo "1938"]
[BlackElo "2128"]
[PlyCount "82"]
[EventDate "2022.09.06"]
[EventType "swiss (blitz)"]
[EventRounds "11"]
[EventCountry "USA"]
[SourceTitle "EXT 2023"]
[Source "ChessBase"]
[SourceDate "2022.10.05"]
[SourceVersion "1"]
[SourceVersionDate "2022.10.05"]
[SourceQuality "1"]

1. e4 c5 2. Nf3 d6 3. d4 cxd4 4. Nxd4 Nf6 5. Nc3 a6 6. Be2 e5 7. Nb3 Be7 8. 0-0 0-0 9. Be3 Be6 10. Qd3 Nbd7 11. Nd5 Bxd5 12. exd5 e4 13. Qd2 Ne5 14. c4 Qd7 15. h3 Rfc8 16. Rfc1 h6 17. a4 Bd8 18. a5 Be7 19. Nd4 Ng6 20. b4 Nh4 21. Rab1 Nf5 22. Nxf5 Qxf5 23. Qd4 h5 24. Rd1 Nd7 25. Rbc1 Bf6 26. Qd2 Ne5 27. c5 dxc5 28. bxc5 Rd8 29. Qa2 Rac8 30. Rb1 Rc7 31. c6 bxc6 32. Bb6 Rdc8 33. Bxc7 Rxc7 34. Rb8+ Kh7 35. Bxa6 cxd5 36. Qxd5 Rc1 37. Rb1 Rxb1 38. Rxb1 Nf3+ 39. gxf3 Qxd5 40. fxe4 Qxa5 41. Rd1 Qxa6 0-1

[Event "Vinnytsia City Cup"]
[Site "Vinnytsia"]
[Date "2021.11.05"]
[Round "7"]
[White "Shtompel, Yuriy"]
[Black "Terletsky, Oleg"]
[Result "1/2-1/2"]
[WhiteElo "1848"]
[BlackElo "2164"]
[PlyCount "49"]
[EventDate "2021.11.02"]
[EventType "tourn"]
[EventRounds "11"]
[EventCountry "UKR"]
[SourceTitle "CBM 205 Extra"]
[Source "ChessBase"]
[SourceDate "2022.01.31"]
[SourceVersion "1"]
[SourceVersionDate "2022.01.31"]
[SourceQuality "1"]

1. e4 e5 2. Nf3 Nc6 3. d4 exd4 4. Nxd4 Nf6 5. Nc3 Bb4 6. Nxc6 bxc6 7. Bd3 0-0 8. 0-0 d5 9. exd5 cxd5 10. Bg5 c6 11. Qf3 h6 12. Bxf6 Qxf6 13. Qxf6 gxf6 14. Ne2 Bc5 15. Ng3 Rb8 16. b3 Re8 17. Rfe1 Re5 18. Kf1 Rb4 19. c4 Kf8 20. Rxe5 fxe5 21. cxd5 Rd4 22. Rc1 Bb6 23. Ke2 c5 24. Be4 f5 25. Bd3 1/2-1/2